000 01010nam0a22002771 4500
001 rc\3027006
005 20250810063522.0
035 _a(NLR Aleph) 007208269
090 _a7660798
_c7660798
100 _a20110929d1943 u y0rusy50 ca
101 0 _arus
102 _aRU
105 _aah z |||||
200 1 _aСолдат-полководец
_eОчерки о Суворове
_fКирилл Пигарев
210 _aМосква
_cГосполитиздат
_d1943
215 _a160 с., 2 л. ил. и факс.
_cил., факс.
_d21 см
600 1 _aСуворов
_bА.В.
_f1730-1800
_gАлександр Васильевич
_cгенералиссимус
700 1 _aПигарев
_bК.В.
_f1911-1984
_gКирилл Васильевич
801 0 _aRU
_bNLR
_gpsbo
801 1 _aRU
_bELAR
_2rusmarc
852 _aNLR
_jИр10 Г-3/9
852 _aNLR
_jИр10 Г-3/74
942 _cBOOK
945 _aРоссийская национальная библиотека
980 _aNB
980 _aBV